JUNGLE WAR IN MALAYA THE CAMPAIGN AGAINST COMMUNICATION 1949-60 (Record no. 582148)
[ view plain ]
| 000 -LEADER | |
|---|---|
| fixed length control field | 00294nam a22001097a 4500 |
| 082 ## - DEWEY DECIMAL CLASSIFICATION NUMBER | |
| Classification number | 355.02 MIL'J |
| 100 ## - MAIN ENTRY--PERSONAL NAME | |
| Personal name | MILLER, HARRY |
| 9 (RLIN) | 8511 |
| 245 ## - TITLE STATEMENT | |
| Title | JUNGLE WAR IN MALAYA THE CAMPAIGN AGAINST COMMUNICATION 1949-60 |
| 260 ## - PUBLICATION, DISTRIBUTION, ETC. | |
| Place of publication, distribution, etc. | LONDON |
| Name of publisher, distributor, etc. | MILITARY BOOK SOCIETY |
| Date of publication, distribution, etc. | 1972 |
| 300 ## - PHYSICAL DESCRIPTION | |
| Extent | 220P |
| 942 ## - ADDED ENTRY ELEMENTS (KOHA) | |
| Koha item type | Book |
| Withdrawn status | Lost status | Damaged status | Not for loan | Permanent Location | Current Location | Shelving location | Date acquired | Total Checkouts | Full call number | Barcode | Date last seen | Price effective from | Koha item type |
|---|---|---|---|---|---|---|---|---|---|---|---|---|---|
| College of Electrical & Mechanical Engineering (CEME) | College of Electrical & Mechanical Engineering (CEME) | General Stacks | 06/02/2017 | 355.02 MIL'J | CEME-10565 | 06/28/2021 | 06/28/2021 | Book |
